Normal view
MARC view
- Swimming pools
Entry Topical Term
001 - CONTROL NUMBER
- control field: 119407
003 - CONTROL NUMBER IDENTIFIER
- control field: NUST
005 - DATE AND TIME OF LATEST TRANSACTION
- control field: 20231130155329.0
008 - FIXED-LENGTH DATA ELEMENTS
- fixed length control field: 231130|| aca||aabn | a|a d
040 ## - CATALOGING SOURCE
- Original cataloging agency: NUST
- Transcribing agency: NUST
150 ## - HEADING--TOPICAL TERM
- Topical term or geographic name entry element: Swimming pools
670 ## - SOURCE DATA FOUND
- Source citation: Work cat.: (NUST)2154: White, Lee Anne. 119406, Pool idea book /, c2004.
